Impact of economic reforms on tyre industry (Record no. 60735)

MARC details
000 -LEADER
fixed length control field 00384nam a2200145Ia 4500
100 ## - MAIN ENTRY--AUTHOR NAME
Personal name Mohankumar S
245 #0 - TITLE STATEMENT
Title Impact of economic reforms on tyre industry
260 ## - PUBLICATION, DISTRIBUTION, ETC. (IMPRINT)
Name of publisher Economic and Political Weekly
Year of publication 2001
300 ## - PHYSICAL DESCRIPTION
Number of Pages 1044-1050
650 ## - SUBJECT ADDED ENTRY--TOPICAL TERM
Topical Term Economic reforms
650 ## - SUBJECT ADDED ENTRY--TOPICAL TERM
Topical Term Tyre industry
700 ## - ADDED ENTRY--PERSONAL NAME
Personal name George K T
942 ## - ADDED ENTRY ELEMENTS (KOHA)
Koha item type Journals
Holdings
Withdrawn status Lost status Damaged status Not for loan Home library Current library Shelving location Date acquired Serial Enumeration / chronology Koha item type
      Journals RRII Library RRII Library Agricultural economics 17/12/2021 Volume 36, Issue 12 Journals